000 00497cam a2200157 4500500
005 20260405003028.0
041 _afre
042 _adc
100 1 0 _aPortevin, Catherine
_eauthor
245 0 0 _aL’Herne Comte-Sponville
260 _c2020.
500 _a40
690 _aAndré Comte-Sponville
786 0 _nPhilosophie magazine | 136 | 2 | 2020-02-01 | p. 65-66 | 1951-1787
856 4 1 _uhttps://shs.cairn.info/magazine-philosophie-magazine-2020-2-page-65?lang=fr&redirect-ssocas=7080
999 _c2063699
_d2063699